Histologie II /

Hlavní autor: Hach, Petr, 1941-2014
Korporativní autor: Univerzita Karlova
Další autoři: Jirsová, Zuzana, 1940-, Těšík, Ivan, 1936-
Jazyk: Čeština
Vydáno: Praha : Karolinum, 2010
Vydání: 2. vyd.
Edice: Učební texty Univerzity Karlovy v Praze
Témata:
Fyzický popis: 81 s. : il. ; 30 cm
Knihy
Uloženo v:
LEADER 01620nam a2200445 a 4500
001 nkc20102112191
003 CZ PrNK
005 20101013141809.0
007 ta
008 100630s2010 xr a e p 000 0 cze
015 |a cnb002112191 
020 |a 978-80-246-1826-5  |q (brož.) :  |c Kč 105,00 
035 |a (OCoLC)655167617 
040 |a ABA001  |b cze 
072 7 |a 611  |x Anatomie člověka a srovnávací anatomie  |2 Konspekt  |9 14 
072 7 |a 37.016  |x Učební osnovy. Vyučovací předměty. Učebnice  |2 Konspekt  |9 22 
080 |a 611.018  |2 MRF 
080 |a (075.8)  |2 MRF 
100 1 |a Hach, Petr,  |d 1941-2014  |7 jn20000400841  |4 aut 
245 1 0 |a Histologie II /  |c Petr Hach, Zuzana Jirsová, Ivan Těšík 
250 |a 2. vyd. 
260 |a Praha :  |b Karolinum,  |c 2010 
300 |a 81 s. :  |b il. ;  |c 30 cm 
490 1 |a Učební texty Univerzity Karlovy v Praze 
500 |a 300 výt. 
521 8 |a Pro posluchače 1. lékařské fakulty UK 
550 |a Vydavatel: Univerzita Karlova v Praze 
650 0 7 |a histologie člověka  |7 ph114664  |2 czenas 
650 0 9 |a human histology  |2 eczenas 
655 7 |a učebnice vysokých škol  |7 fd133772  |2 czenas 
655 9 |a textbooks (higher)  |2 eczenas 
700 1 |a Jirsová, Zuzana,  |d 1940-  |7 jn20000710097  |4 aut 
700 1 |a Těšík, Ivan,  |d 1936-  |7 jn20000402433  |4 aut 
710 2 |a Univerzita Karlova  |7 kn20010710036 
810 2 |a Univerzita Karlova.  |t Učební texty  |0 s 
910 2 |a BOA001  |b 4-1249.459 
990 |a BK 
995 |a 01 
991 |b 201010  |c NOV  |e n 
996 6 |b 2610448049  |c 4-1249.459  |l MZK  |r Sklad / do 1 hodiny  |n 2  |p p.v.  |w 001145209  |u 000010  |a 1  |e BOA001  |j MZK50  |s P